书目信息 |
| 题名: |
智能电子产品设计与制作
|
|
| 作者: | 蔡建军 主编 | |
| 分册: | ||
| 出版信息: | 大连 大连理工大学出版社 2015.1 |
|
| 页数: | 209页 | |
| 开本: | 26cm | |
| 丛书名: | ||
| 单 册: | ||
| 中图分类: | TN02 | |
| 科图分类: | ||
| 主题词: | 电子产品--智能设计--高等职业教育--教材 | |
| 电子资源: | ||
| ISBN: | 978-7-5611-8753-1 | |
| 000 | 00837nam0 2200241 450 | |
| 001 | 0400003746 | |
| 005 | 20171022133710.0 | |
| 010 | @a978-7-5611-8753-1@dCNY32.00 | |
| 100 | @a20171022e20162015em y0chiy ea | |
| 101 | 0 | @achi |
| 102 | @aCN@b210000 | |
| 105 | @aa z 000yy | |
| 106 | @ar | |
| 200 | 1 | @a智能电子产品设计与制作@9zhi neng dian zi chan pin she ji yu zhi zuo@f主编蔡建军 |
| 210 | @a大连@c大连理工大学出版社@d2015.1@h2016.6 | |
| 215 | @a209页@c图@d26cm | |
| 300 | @a“十二五”职业教育国家规划教材 | |
| 330 | @a本书主要内容包括电子产品设计方案论证和制订、电路原理图技术设计、印刷电路板设计、产品试制与调试、技术文件编写五个方面。 | |
| 606 | 0 | @a电子产品@x智能设计@x高等职业教育@j教材 |
| 690 | @aTN02@v5 | |
| 701 | 0 | @a蔡建军@9cai jian jun@4主编 |
| 801 | 0 | @aCN@b91MARC@c20171022 |
| 905 | @b1034186-90@dTN02@f5@e143 | |
| 智能电子产品设计与制作/主编蔡建军.-大连:大连理工大学出版社,2015.1(2016.6) |
| 209页:图;26cm |
| “十二五”职业教育国家规划教材 |
| ISBN 978-7-5611-8753-1:CNY32.00 |
| 本书主要内容包括电子产品设计方案论证和制订、电路原理图技术设计、印刷电路板设计、产品试制与调试、技术文件编写五个方面。 |
| ● |
| 相关链接 |
|
|
|
|
正题名:智能电子产品设计与制作
索取号:TN02/143
 
预约/预借
| 序号 | 登录号 | 条形码 | 馆藏地/架位号 | 状态 | 备注 |
| 1 | 1034186 | 210341860 | 第二样本阅览室/ [索取号:TN02/143] | 在馆 | |
| 2 | 1034187 | 210341879 | 密集书库-物理学院/ [索取号:TN02/143] | 在馆 | |
| 3 | 1034188 | 210341888 | 第三借阅区/ [索取号:TN02/143] | 在馆 | |
| 4 | 1034189 | 210341897 | 第三借阅区/ [索取号:TN02/143] | 在馆 | |
| 5 | 1034190 | 210341904 | 第三借阅区/ [索取号:TN02/143] | 在馆 |